A Richter Egészségváros Program és kommunikációjának vizsgálata

Bibliográfiai részletek
Szerző: Remecz Alexandra Brigitta
További közreműködők: Harsányi Dr. Dávid
Dokumentumtípus: Projektmunka
Kulcsszavak:Richter Gedeon Nyrt.
Egészségváros Program
Kommunikáció vizsgálat
CSR, vállalalti társadalmi felelősségvállalás
Online Access:http://dolgozattar.uni-bge.hu/17412

MARC

LEADER 00000nnm a2200000 i 4500
001 dolg17412
005 20180917145848.0
008 180517suuuu hu o 000 hun d
040 |a BGE Dolgozattár Repozitórium  |b hun 
041 |a hu 
100 1 |a Remecz Alexandra Brigitta 
245 1 2 |a A Richter Egészségváros Program és kommunikációjának vizsgálata  |c Remecz Alexandra Brigitta  |h [elektronikus dokumentum] 
516 |a Project_work 
695 |a Richter Gedeon Nyrt. 
695 |a Egészségváros Program 
695 |a Kommunikáció vizsgálat 
695 |a CSR, vállalalti társadalmi felelősségvállalás  
700 1 |a Harsányi Dr. Dávid  |e ths 
856 4 0 |u http://dolgozattar.uni-bge.hu/17412/1/vegleges_dolgozat_Remecz_Alexandra.pdf  |z Dokumentum-elérés